<?xml version="1.0" encoding="UTF-8"?><?xml-stylesheet type="text/xsl" href="static/style.xsl"?><OAI-PMH xmlns="http://www.openarchives.org/OAI/2.0/" xmlns:xsi="http://www.w3.org/2001/XMLSchema-instance" xsi:schemaLocation="http://www.openarchives.org/OAI/2.0/ http://www.openarchives.org/OAI/2.0/OAI-PMH.xsd"><responseDate>2026-04-14T04:00:47Z</responseDate><request verb="GetRecord" identifier="oai:www.recercat.cat:2072/460211" metadataPrefix="marc">https://recercat.cat/oai/request</request><GetRecord><record><header><identifier>oai:recercat.cat:2072/460211</identifier><datestamp>2026-03-13T08:57:28Z</datestamp><setSpec>com_2072_98</setSpec><setSpec>col_2072_378192</setSpec></header><metadata><record xmlns="http://www.loc.gov/MARC21/slim" xmlns:dcterms="http://purl.org/dc/terms/" xmlns:xsi="http://www.w3.org/2001/XMLSchema-instance" xmlns:doc="http://www.lyncode.com/xoai" xsi:schemaLocation="http://www.loc.gov/MARC21/slim http://www.loc.gov/standards/marcxml/schema/MARC21slim.xsd">
   <leader>00925njm 22002777a 4500</leader>
   <datafield ind2=" " ind1=" " tag="042">
      <subfield code="a">dc</subfield>
   </datafield>
   <datafield ind2=" " ind1=" " tag="720">
      <subfield code="a">Cosio, Borja G.</subfield>
      <subfield code="e">author</subfield>
   </datafield>
   <datafield ind2=" " ind1=" " tag="720">
      <subfield code="a">Soriano, Joan B.</subfield>
      <subfield code="e">author</subfield>
   </datafield>
   <datafield ind2=" " ind1=" " tag="720">
      <subfield code="a">López Campos, José Luis</subfield>
      <subfield code="e">author</subfield>
   </datafield>
   <datafield ind2=" " ind1=" " tag="720">
      <subfield code="a">Calle Rubio, Myriam</subfield>
      <subfield code="e">author</subfield>
   </datafield>
   <datafield ind2=" " ind1=" " tag="720">
      <subfield code="a">Soler, Juan José</subfield>
      <subfield code="e">author</subfield>
   </datafield>
   <datafield ind2=" " ind1=" " tag="720">
      <subfield code="a">De Torres, Juan Pablo</subfield>
      <subfield code="e">author</subfield>
   </datafield>
   <datafield ind2=" " ind1=" " tag="720">
      <subfield code="a">Marín, Jose Maria</subfield>
      <subfield code="e">author</subfield>
   </datafield>
   <datafield ind2=" " ind1=" " tag="720">
      <subfield code="a">Martínez-González, Cristina</subfield>
      <subfield code="e">author</subfield>
   </datafield>
   <datafield ind2=" " ind1=" " tag="720">
      <subfield code="a">de Lucas-Ramos, Pilar</subfield>
      <subfield code="e">author</subfield>
   </datafield>
   <datafield ind2=" " ind1=" " tag="720">
      <subfield code="a">Mir, Isabel</subfield>
      <subfield code="e">author</subfield>
   </datafield>
   <datafield ind2=" " ind1=" " tag="720">
      <subfield code="a">Peces-Barba, Germán</subfield>
      <subfield code="e">author</subfield>
   </datafield>
   <datafield ind2=" " ind1=" " tag="720">
      <subfield code="a">Feu-Collado, Nuria</subfield>
      <subfield code="e">author</subfield>
   </datafield>
   <datafield ind2=" " ind1=" " tag="720">
      <subfield code="a">Solanes García, Ingrid</subfield>
      <subfield code="e">author</subfield>
   </datafield>
   <datafield ind2=" " ind1=" " tag="720">
      <subfield code="a">Alfageme, Inmaculada</subfield>
      <subfield code="e">author</subfield>
   </datafield>
   <datafield ind2=" " ind1=" " tag="720">
      <subfield code="a">Universitat Autònoma de Barcelona</subfield>
      <subfield code="e">author</subfield>
   </datafield>
   <datafield ind2=" " ind1=" " tag="260">
      <subfield code="c">2016</subfield>
   </datafield>
   <datafield ind2=" " ind1=" " tag="520">
      <subfield code="a">The Spanish guideline for COPD (GesEPOC) recommends COPD treatment according to four clinical phenotypes: non-exacerbator phenotype with either chronic bronchitis or emphysema (NE), asthma-COPD overlap syndrome (ACOS), frequent exacerbator phenotype with emphysema (FEE) or frequent exacerbator phenotype with chronic bronchitis (FECB). However, little is known on the distribution and outcomes of the four suggested phenotypes. We aimed to determine the distribution of these COPD phenotypes, and their relation with one-year clinical outcomes. We followed a cohort of well-characterized patients with COPD up to one-year. Baseline characteristics, health status (CAT), BODE index, rate of exacerbations and mortality up to one year of follow-up were compared between the four phenotypes. Overall, 831 stable COPD patients were evaluated. They were distributed as NE, 550 (66.2%); ACOS, 125 (15.0%); FEE, 38 (4.6%); and FECB, 99 (11.9%); additionally 19 (2.3%) COPD patients with frequent exacerbations did not fulfill the criteria for neither FEE nor FECB. At baseline, there were significant differences in symptoms, FEV and BODE index (all p&lt;0.05). The FECB phenotype had the highest CAT score (17.1±8.2, p&lt;0.05 compared to the other phenotypes). Frequent exacerbator groups (FEE and FECB) were receiving more pharmacological treatment at baseline, and also experienced more exacerbations the year after (all p&lt;0.05) with no differences in one-year mortality. Most of NE (93%) and half of exacerbators were stable after one year. There is an uneven distribution of COPD phenotypes in stable COPD patients, with significant differences in demographics, patient-centered outcomes and health care resources use.</subfield>
   </datafield>
   <datafield ind2="0" ind1="0" tag="245">
      <subfield code="a">Distribution and Outcomes of a Phenotype-Based Approach to Guide COPD Management : Results from the CHAIN Cohort</subfield>
   </datafield>
</record></metadata></record></GetRecord></OAI-PMH>